Das Putativtitelproblem bei der usucapio.

Furkejuvvon:
Bibliográfalaš dieđut
Váldodahkki: Mayer-Maly, Theo (Dahkki)
Materiálatiipa: Girji
Almmustuhtton: Graz-Köln, Deutschland: Hermann Böhlaus, 1962.
Ráidu:Forschungen zum römischen Recht,
Fáttát:
Fáddágilkorat: Lasit fáddágilkoriid
Eai fáddágilkorat, Lasit vuosttaš fáddágilkora!

MARC

LEADER 00000nam a22000007a 4500
003 CL-VaPUC
005 20220822114849.0
008 220809t1962 ||||| |||| 00| 0 eng d
999 |c 438203  |d 438201 
040 |c Pontificia Universidad Católica de Valparaíso 
082 7 |a 340.54 MAY 1962  |2 22 
100 |a Mayer-Maly, Theo  |9 400752  |e author 
245 |a Das Putativtitelproblem bei der usucapio. 
260 |a Graz-Köln, Deutschland:  |b Hermann Böhlaus,   |c 1962. 
300 |a 153 páginas. 
490 |a Forschungen zum römischen Recht,  |n  15. 
500 |a c.1 Donación Familia Prof. Alejandro Guzmán Brito. 
583 |c 20220809  |k Cristina María Rojas Aguilar 
650 |a Usucapión  |x Derecho romano  |9 875249 
942 |2 ddc  |c BK  |n 0 
952 |0 0  |1 0  |2 ddc  |4 0  |6 340_540000000000000_MAY_1962  |7 1  |8 C_AGB  |9 586083  |a BIBDER  |b BIBDER  |d 2022-08-09  |e Donación   |i 5654051  |o 340.54 MAY 1962  |p 5654051  |r 2023-01-25  |t 1  |w 2022-08-09  |y BK_US  |k AGB